MDQL
is popping MORE tags! Check the
thread
!
Quizzes
Events
Quiz Creation
Community
Videos
Private Events
Remove Ads
Sign In
Join for FREE
Feedback
Dark Mode
Quiz Categories
Sports
Geography
Music
Movies
Television
Just For Fun
Miscellaneous
History
Literature
Language
Science
Gaming
Entertainment
Religion
Holiday
For Kids
Quiz Lab
Recent
Popular Today
Quiz Kudos Today
Editor Picks
Curator Picks
Quizzes by...
Day
Popularity
Type
Ratings
Length
Year
Community
Subscriptions
Recent Discussions
Orange Saloon
Badges
Playlists
Quests
Create
Leaderboards
Showdown
Live 5
Trivia Bingo
Activity
Puzzle Library
Sporcle Events
Private Events
Virtual Trivia
Globe League
Become a Host
Pub Owners
SporcleCon
Opinionation
Our Games
Videos
Blog
Mobile Apps
Partnerships
Remove Ads and Go Orange
Feedback
Music
Pop Music
The Beatles
Song
Album
Lyrics
Bands
Singers
Artist
Clip
Rock
Rap
Classical
Billboard
Country Music
Kpop
Taylor Swift
Music
Pop Music
The Beatles
Song
Album
Lyrics
Bands
Singers
Artist
Clip
Rock
Rap
Classical
Billboard
Country Music
Kpop
Taylor Swift
Random Quiz
Search Sporcle
×
Quiz Lab
Quiz Lab
Music
United States
Type in answers that appear in a list
Type in answers that appear in a list
Classic
Best Score? Go Orange.
Mama Told Us Stats
Can you name the things our mothers told us?
By
Peter4Reason
10m
41 Questions
50 Plays
50 Plays
50 Plays
Comments
Comments
Give Quiz Kudos
Give Quiz Kudos
-
- Ratings
hide this ad
Replay
Link that replays current quiz
Next Quiz
Link to next quiz in quiz playlist
You Got
0%
They Got
Avg Score
14%
Avg Friend Score
Upgrade to see
Score Distribution
Jump to the score distribution portion of the page
Score
0/41
Timer
10:00
0
Plays Today
Mama Said
% Correct
You Ask Your Mom Please But She Still Says
No
52%
There'll be
Days Like This
48%
I Need Love, Love, to ease my mind...but Mama Said
You Can't Hurry Love
48%
When I Was Just a Little Girl I Asked My Mother, What Will I Be Will I Be Pretty, Will I Be Rich? Here's What She Said to Me.
Que Sera Sera
46%
I Come Home in the Morning Light, My Mother Says
When You Gonna Live Your Life Right
32%
Your Mom Busted in and Said
What's That Noise
28%
Before You Ask Some Girl For
Her Hand Now
26%
You Better
Shop Around
26%
And Mother Always Told Me
Be Careful Who You Love
24%
No You Just Have to Wait, She Said
Love Don't Come Easy
24%
Mama Said
Knock You Out
24%
There's Still Some Things That You Don't
Understand Now
22%
Many People Coming From Miles Around To Hear You Play Your Music When The Sun Go Down Maybe Someday Your Name Will Be in Lights Saying
Johnny B Goode Tonight
22%
Son You're Growing Up Now, Pretty Soon You'll
Take a Bride
20%
Just Because You've Become a
Young Man Now
20%
Mama Told Me Not Come:
That Ain't the Way to Have Fun
20%
I Said, 'Mom, What Are You Doing, You're Ruining My Rep' She Said, 'You're Only Sixteen...
You Don't Have A Rep Yet
20%
Keep Your Freedom For
As Long as You Can Now
18%
She Also Told Me, Stay Away, You'll Never Know
What You'll Catch
18%
Mother Told Me, Yes She Told Me
I'd Meet Girls Like You
14%
My Mom Started Bugging With The Clothes She Chose I Didn't Say Nothing at First I Just Turned Up My Nose She Said, 'What's wrong?...
This Shirt Cost $20
8%
Mama Said
% Correct
My Mother Told Me If I was Goody, She Would Buy Me
A Rubber Dolly
6%
My Mother Said to Get Things Done
You Better Not Mess With Major Tom
4%
Mother Said
Don't Leave Me
2%
Mother Said
I'm Grown Up
2%
Mother Said
She's Sleeping
2%
My Mamma Said, That The Best Thing in Life
Was Getting Me
2%
My Mamma Said That She Would
Give Her Life Up For Me
2%
My Mother Told Me
There'd Be Lots of Guys
0%
Mother Told Me
I Must Obey When Mother's Gone
0%
Ooh, My Mama Said, Look at This...
You Haven't Done Your Bed
0%
My Mama Said, That's a Thing...
That You Should Do Instead
0%
Ooh, My Mama Said, Pa and Me
We Give You Room and Bread
0%
My Mama Told Me, My Mama Said
Pay Attention Little Sister
0%
Mama Said, Don't Cry
Dry All The Tears From Your Eyes
0%
Mama Said, Don't Cry
I'm Going Away Up High
0%
Mama Said Never Give Up
You Can Make It
0%
Mama Said What Don't Kill You
Only Make You Stronger Baby
0%
My Mama Said That
Your Life is a Gift
0%
And My Mama Said There's
A Weight You Will Lift
0%
And My Mama Said
Leave Those Bad Boys Alone
0%
Quiz Playlist
Details
Report
Send in Message
Add To Playlist
Classic:
Type in answers that appear in a list
Last Updated: Feb 16, 2017
Quiz Scoreboard
CHALLENGE
Sign Up to Join the Scoreboard
Show All
Scores
Hide
Comments
May contain spoilers
Recently Published
Holiday 10x10 Sorting Gallery
by lukepisani3
Holiday
15m
Two Season TV Shows II
by 123Four
Television
10m
Image Sorting: Flags VI
by Barbecue
Geography
2m
More to Explore
Quiz From the Vault
Featured Blog Post
14 Easter Pick-up Lines to Find Eggs With
hide this ad
You Might Also Like...
Tags
Lyrics Quiz
United States Quiz
Fresh Prince
mama
Michael Jackson
miracle
Mother
Today's Top Quizzes in Music
Browse Music
hide this ad
Today's Top Quizzes in United States
Browse United States
Top Contributed Quizzes in Music
1
5X2 Blitz: Bands II
2
Taylor Swift All Songs (2024)
3
5X2 Blitz: The Beatles
4
5X2 Blitz: Billboard
5
Music Artist by Three 2010s hits
6
5X2 Blitz: Billboard II
7
5X2 Blitz: Album
8
5X2 Blitz: Rock
9
5X2 Blitz: Singers
10
5X2 Blitz: Lyrics
Explore More
Trending Topics
Kpop
Marvel
Harry Potter
Crossword
NBA
Disney
Anime
Soccer
The Office
NFL
Pokémon
Puzzle
Song
WWE
Country
hide this ad
More By:
Peter4Reason
Quiz
Plays
Rating
Category
Featured
Created
Long Island Town By Ridiculous Clue
985
3.00
Geography
Oct 30, 2010
Fictional or Actual
697
2.79
History
May 9, 2012
Tequila- the Champs
183
5.00
Music
Aug 31, 2010
Ayn Rand One Foot
94
3.33
Miscellaneous
Aug 31, 2010
Mama Told Us
50
3.75
Music
Sep 1, 2010
Go to Creator's Profile
Score Distribution
Quiz Creator Spotlight
Peter4Reason
Follow
Send a Message
Quizzes Created
-
Created Quiz Play Count
-
More By This Creator
Popular Quizzes Today
1
Find the US States - No Outlines Minefield
2
Colored Red Africa Blitz
3
Find the 'City' Movie
4
The Countries of the World
5
5x2 Blitz: Bands
6
Find the US States
7
Find the Countries of Europe - No Outlines Minefield
8
US States
More Music Quizzes
KPOP PLAYLIST 2018 ♡ part I
Quiz Lab
Trending Quizzes
Colored Red Europe Blitz I
Colored Red Europe Blitz II
Colored Red Africa Blitz II
Colored Red Europe Blitz III
Colored Red Africa Blitz III
Recently Updated
Odd Team Out - Big 4 Players
pecheneg
Quick Pick: 20 Twenties
pecheneg
March Madness Men's Triple Doubles
pecheneg
How Do You Spell That?
pecheneg
Godzilla Movies
pecheneg
Grab Bag: 4-10 Letters
pecheneg
2024 March Madness Bracket
pecheneg
Famous TV Couples
Peacemaker
Champions League XIs: Real Madrid
pecheneg
Largest US Cities 1790-2010
pecheneg
Trending Topics
Kpop
Anime
Harry Potter
Crossword
Marvel
NBA
Disney
WWE
Soccer
Pokémon
NFL
The Office
Song
Puzzle
Country
Your Account Isn't Verified!
In order to create a playlist on Sporcle, you need to verify the email address you used during registration. Go to your
Sporcle Settings
to finish the process.
Report this User
Report this user for behavior that violates our
Community Guidelines
.
Details:
Send Report
Go to the Sporcle.com Mobile Site →
Comments